|
|
|
|
| LEADER |
00566nam a22001577a 4500 |
| 999 |
|
|
|c 144806
|d 144806
|
| 082 |
|
|
|a S 294.592 404 6
|b SAN/B
|
| 100 |
|
|
|a Sankar Lal Chaturvedi Sudhakar
|
| 245 |
|
|
|a Bhagavat Vimarsh/
|c by Sankar Lal Chaturvedi Sudhakar
|
| 260 |
|
|
|a Mayura:
|b Shankar Lal Chaturvedi Sudhakar,
|c 2006.
|
| 300 |
|
|
|a 158p.
|
| 650 |
|
|
|a Bhagavad Gita
|
| 650 |
|
|
|a Hinduism
|
| 650 |
|
|
|a Religion
|
| 942 |
|
|
|c BK
|
| 952 |
|
|
|0 0
|1 0
|4 0
|6 S_294_592000000000000_404_6_SAN_B
|7 0
|9 102781
|a SSUS
|b SSUS
|c STACKS
|d 2020-06-22
|g 41.00
|o S 294.592 404 6 SAN/B
|p 054797
|r 2020-06-22
|w 2020-06-22
|y BK
|